Dějiny jednoho města
| Main Author: | |
|---|---|
| Format: | Book |
| Language: | Undetermined |
| PhysicalDescription: | 286 s. |
| Published: |
Praha
Družstevní práce
1949
|
MARC
| LEADER | 00000nam a2200000 a 4500 | ||
|---|---|---|---|
| 001 | vtls001424303 | ||
| 003 | SK-MaSNL | ||
| 005 | 20260301202541.0 | ||
| 008 | 240318s1949 xx 0 und | ||
| 035 | |a SNK000379183 | ||
| 040 | |a SNK |b slo |c SNK |e AACR2 | ||
| 100 | 1 | |a Saltykov E., M. |4 aut |9 298886 | |
| 245 | 1 | 0 | |a Dějiny jednoho města |
| 260 | |a Praha |b Družstevní práce |c 1949 | ||
| 300 | |a 286 s. | ||
| 999 | |c 899244 |d 901174 | ||
| 952 | |t P60, <04>, [BOOK], {604} |a SNK |b SNK |y VYP |7 0 |p 17A0321140 |o snkIC 4345/21 |0 0 |1 0 |4 0 |d 2001-11-15 |l 0 |r 2005-01-02 00:00:00 |w 2026-02-24 | ||


